000 00595nam a22001937a 4500
005 20130626121217.0
010 _aENG-107666
020 _a9781259063749
_c475.00
020 _a1259063747
_c475.00
035 _aEN-91199
037 _bDBAD/PUB
100 _aVijayaraghavan, Srinivas B.
245 _aMarketing for services outsourcing /
_cby Srinivas B.Vijayaraghavan
260 _bTata McGraw Hill
_c2013
_aNew Delhi
270 _aP-24, Green Park Extnsion
_bNew Delhi
_e110016
300 _ax,270p.
_c23cm(pbk)
_bill.
500 _aIncludes bibliographical references
942 _2ddc
_cEN
_mVIJ
999 _c76987
_d76987